000
00264nam a22001217a 4500
008
180214b xxu||||| |||| 00| 0 eng d
041
_a
eng
080
_a
94
100
_a
16
101
_a
HIS
245
_a
PREHISTORIC MESOAMERICA
_c
ADAMS,R,E,W
942
_2
udc
_c
BK
999
_c
42467
_d
42467